000 00477cam a2200181ua 4500
001 10824
008 190406n ii |||gr||||Z||||||eng
020 _a9788126916122
040 _cMAIN
082 _a338.9
100 _aK R Gupta,
_eAuthor.,
245 _aAdvanced economics of development :
_bvolume I /
_cBy K R Gupta .
250 _bV.I.
260 _aNew Delhi:
_bAtlantic publishers and distributors,
_c2011.
300 _a526p.
653 _aProduction
942 _cBK
999 _c9784
_d9784